Countries Ending in “IA“ - Sudden Death - Statistics

General Stats
  • This quiz has been taken 59 times
  • The average score is 11 of 20
Answers on the Grid
Answers color-coded by a green-red scale on the quiz's grid according to % correct below.
 
Answer Stats
Answer % Correct
India
79%
Nigeria
69%
Australia
65%
Serbia
65%
Georgia
60%
Slovenia
60%
Bulgaria
60%
Somalia
54%
Lithuania
52%
Colombia
50%
Tunisia
50%
Armenia
50%
Syria
50%
Ethiopia
50%
Saint Lucia
42%
Gambia
42%
F. S. of Micronesia
42%
Mauritania
40%
Namibia
40%
Bolivia
31%
No matching quizzes found
Score Distribution
Percent of People with Each Score
Percentile by Number Answered
Your Score History
You have not taken this quiz